Lanka Business Online

Bibliographic Details
Format: eBook
Language:English
Published: Colombo: Knowledge Bylanes, 2015 -
Subjects:
Online Access:Acceso restringido

MARC

LEADER 00000nam a22000007a 4500
005 20191017221829.0
007 cr|||| ||||
008 191017c20159999lk wr|w s|||| 0|||b1eng d
035 |a 22207 
040 |a vLex 
090 |c 9887  |d 9887 
245 0 0 |a Lanka Business Online  |h [Recurso electrn̤ico] / 
256 |a Servicio en ln̕ea 
260 |a Colombo:  |b Knowledge Bylanes,  |c 2015 - 
300 |a 1 recurso electrn̤ico 
310 |a Semanal 
506 1 |a Disponible solo en los productos indicados  |d vLex Global  |d vLex Global (Academic Edition, excluding Law Schools)  |d vLex Global (U.S. Academic Edition, Law Schools)  |d vLex Global (U.S. Academic Edition, excluding Law Schools)  |d vLex Global (Academic Edition, Law Schools) 
650 0 4 |a Materias no jurd̕icas  |z Sri Lanka 
650 0 4 |a Economa̕ y negocios  |z Sri Lanka 
740 0 |a vLex Revistas (Servicio en ln̕ea) 
856 4 0 |u http://vlex.com/source/22207  |z Acceso restringido 
942 |c REV 
999 0 |a Non-legal matters 
999 0 |a Economy and business